• 首页
  • 本馆介绍
  • 公告通知
  • 最新文献
  • 馆藏检索
  • 电子资源
  • 读者导购
  • 参考咨询
  • 我的图书馆
  • 登录
  • 详细信息显示
  • 放入我的书架
  • 预约/预借图书
  • 作者相关作品
  • 分类相关作品
  • 丛书相关作品
  • 出版社相关作品

书目信息

  • 表格格式
  • 工作单格式
  • 卡片格式
题名:
教师要健康,看这本就够了
    
 
作者: 胡维勤 主编
分册:  
出版信息: 哈尔滨   黑龙江科学技术出版社  2018
页数: 154页
开本: 24cm
丛书名:
单 册:
中图分类: G478.2
科图分类:
主题词: 教师--保健--基本知识
电子资源:
ISBN: 978-7-5388-9241-3
000 00969nam0 2200229 450
001 1431
005 20180522113842.58
010    @a978-7-5388-9241-3@dCNY29.80
100    @a20180217d2018 em y0chiy50 ea
101 0  @achi
102    @aCN@b230000
105    @aa z 000yy
200 1  @a教师要健康,看这本就够了@9jiao shi yao jian kang,kan zhe ben jiu gou le@f胡维勤主编
210    @a哈尔滨@c黑龙江科学技术出版社@d2018
215    @a154页@c图@d24cm
300    @a金版健康文库
330    @a本书从教师所面临的健康困境出发,首章介绍适合他们的各类食谱,帮助他们调理自身健康,杜绝健康隐患;接着介绍适合教师的运动方法,帮助他们能一边工作一边活动;然后介绍了十种适合教师群体的生活好习惯;对于教师所处的工作环境和常见疾病,详细介绍了对应的改善和调理方法;此外还从心理层面出发,给教师进行心理疏导,守护教师健康。
606 0  @a教师@x保健@x基本知识
690    @aG478.2@v5
701  0 @a胡维勤@9hu wei qin@4主编
801  0 @aCN@b91MARC@c20180217
905    @aMuseLib@dG478.2@e127
    
    教师要健康,看这本就够了/胡维勤主编.-哈尔滨:黑龙江科学技术出版社,2018
    154页:图;24cm
    金版健康文库
    
    ISBN 978-7-5388-9241-3:CNY29.80
    本书从教师所面临的健康困境出发,首章介绍适合他们的各类食谱,帮助他们调理自身健康,杜绝健康隐患;接着介绍适合教师的运动方法,帮助他们能一边工作一边活动;然后介绍了十种适合教师群体的生活好习惯;对于教师所处的工作环境和常见疾病,详细介绍了对应的改善和调理方法;此外还从心理层面出发,给教师进行心理疏导,守护教师健康。
●
相关链接 在E读中查询图书 在五车中查询图书 在当当中查询图书 在豆瓣中查询图书


正题名:教师要健康,看这本就够了     索取号:G478.2/127         预约/预借

序号 登录号 条形码 馆藏地/架位号 状态 备注
1 1104486   211044868   第一样本阅览室/ [索取号:G478.2/127] 在馆    
2 1104487   211044877   教育系资料室/ [索取号:G478.2/127] 在馆    
3 1104488   211044886   教育系资料室/ [索取号:G478.2/127] 在馆    
4 1104489   211044895   教育系资料室/ [索取号:G478.2/127] 在馆    
5 1104490   211044902   第四借阅区/ [索取号:G478.2/127] 在馆    
6 1104491   211044911   第四借阅区/ [索取号:G478.2/127] 在馆    
唐山师范学院图书馆 欢迎您!
大连网信软件有限公司© 版权所有